| 000 | 00633nam a22001577a 4500 | ||
|---|---|---|---|
| 999 |
_c535012 _d535012 |
||
| 020 | _qHard Cover. | ||
| 082 | _aConstruction Engineering and Management MS-Thesis. | ||
| 100 | _aAbbas, Ali | ||
| 245 |
_aIntegration of building Information Modeling Into construction Management curriculum:Lessons Learnt from developed countries / _cAli Abbas. |
||
| 260 |
_aIslamabad: _bNIT NUST, _c2015. |
||
| 300 |
_a134 p. : _bill. ; _c30cm. |
||
| 942 |
_2ddc _cTHE |
||
| 650 |
_aConstruction Engineering and Management MS-Thesis. _917023 |
||
| 700 |
_aDr. Muhammad Jamaluddin Thaheem _916295 |
||